| 000 | 01275nam a2200325Ia 4500 | ||
|---|---|---|---|
| 001 | ebr10007049 | ||
| 003 | CaPaEBR | ||
| 006 | m u | ||
| 007 | cr cn||||||||| | ||
| 008 | 020225s2002 maua s 001 0 eng d | ||
| 020 | _z9780080476360 | ||
| 040 |
_aCaPaEBR _cCaPaEBR |
||
| 035 | _a(OCoLC)727990760 | ||
| 050 | 1 | 4 |
_aQA76.625 _b.P54 2002eb |
| 082 | 0 | 4 |
_a005.2/76 _221 |
| 245 | 0 | 0 |
_aC# .NET web developer's guide _h[electronic resource] / _cAdrian Turtschi ... [et al.] ; Saurabh Nandu, technical editor. |
| 260 |
_aRockland, Mass. : _bSyngress Publishing, Inc., _cc2002. |
||
| 300 |
_axx, 793 p. : _bill. |
||
| 500 | _aIncludes index. | ||
| 500 | _aTitle from title screen. | ||
| 533 |
_aElectronic reproduction. _bPalo Alto, Calif. : _cebrary, _d2009. _nAvailable via World Wide Web. _nAccess may be limited to ebrary affiliated libraries. |
||
| 650 | 0 |
_aApplication software _xDevelopment _xComputer programs. |
|
| 650 | 0 | _aInternet programming. | |
| 650 | 0 | _aMicrosoft .NET Framework. | |
| 655 | 7 |
_aElectronic books. _2local |
|
| 700 | 1 | _aNandu, Saurabh. | |
| 700 | 1 | _aTurtschi, Adrian. | |
| 710 | 2 | _aebrary, Inc. | |
| 856 | 4 | 0 |
_uhttp://site.ebrary.com/lib/rucke/Doc?id=10007049 _zAn electronic book accessible through the World Wide Web; click to view |
| 999 |
_c15401 _d15401 |
||